PATHOLOGY ( QUICK REVIEW AND MCQs (Record no. 11321)

MARC details
000 -LEADER
fixed length control field 00349nam a22001577a 4500
003 - CONTROL NUMBER IDENTIFIER
control field SGT
020 ## - INTERNATIONAL STANDARD BOOK NUMBER
International Standard Book Number 978-93-5152-370-3
082 ## - DEWEY DECIMAL CLASSIFICATION NUMBER
Classification number 616.07
Item number P15M
100 ## - MAIN ENTRY--PERSONAL NAME
Personal name MOHAN, HARSH
245 ## - TITLE STATEMENT
Title PATHOLOGY ( QUICK REVIEW AND MCQs
250 ## - EDITION STATEMENT
Edition statement 4TH
260 ## - PUBLICATION, DISTRIBUTION, ETC. (IMPRINT)
Place of publication, distribution, etc NEW DELHI
Name of publisher, distributor, etc JAYPEE PUB
Year of Publication 2015
300 ## - PAGE DESCRIPTION
No. of Pages 667
650 ## - SUBJECT ADDED ENTRY--TOPICAL TERM
Topical term or geographic name as entry element AYURVEDA
942 ## - ADDED ENTRY ELEMENTS (KOHA)
Source of classification or shelving scheme Dewey Decimal Classification
Koha item type Books
942 ## - ADDED ENTRY ELEMENTS (KOHA)
-- 4
Holdings
Withdrawn status Lost status Source of classification or shelving scheme Damaged status Not for loan Collection code Home library Current library Shelving location Date acquired Vendor Name Cost, normal purchase price SGTU Bill Number Total Checkouts Full call number Accession No. (Barcode) Date last seen Date last borrowed Bill Date Koha item type Total Renewals
    Dewey Decimal Classification     AYURVEDA SGT FA-FP Library SGT FA-FP Library Text Book 27/03/2017 AHUJA PUB 1850.00 SGTU 7718 3 616.07 P15M FA5571 19/03/2021 12/03/2021 11/02/2017 Books  
    Dewey Decimal Classification     AYURVEDA SGT FA-FP Library SGT FA-FP Library Text Book 27/03/2017 AHUJA PUB 1850.00 SGTU 7718 12 616.07 P15M FA5572 04/12/2023 16/11/2023 11/02/2017 Books  
    Dewey Decimal Classification     AYURVEDA SGT FA-FP Library SGT FA-FP Library Text Book 27/03/2017 AHUJA PUB 1850.00 SGTU 7718 8 616.07 P15M FA5573 15/11/2019 04/11/2019 11/02/2017 Books  
    Dewey Decimal Classification     AYURVEDA SGT FA-FP Library SGT FA-FP Library Text Book 27/03/2017 AHUJA PUB 1850.00 SGTU 7718 4 616.07 P15M FA5574 12/12/2019 25/11/2019 11/02/2017 Books  
    Dewey Decimal Classification     AYURVEDA SGT FA-FP Library SGT FA-FP Library Text Book 27/03/2017 AHUJA PUB 1850.00 SGTU 7718 10 616.07 P15M FA5575 18/01/2020 18/01/2020 11/02/2017 Books  
    Dewey Decimal Classification     AYURVEDA SGT FA-FP Library SGT FA-FP Library Text Book 27/03/2017 AHUJA PUB 1850.00 SGTU 7718 9 616.07 P15M FA5576 22/03/2021 12/03/2021 11/02/2017 Books  
    Dewey Decimal Classification     AYURVEDA SGT FA-FP Library SGT FA-FP Library Text Book 27/03/2017 AHUJA PUB 1850.00 SGTU 7718 4 616.07 P15M FA5577 09/01/2025 09/01/2025 11/02/2017 Books 1
    Dewey Decimal Classification     AYURVEDA SGT FA-FP Library SGT FA-FP Library Text Book 27/03/2017 AHUJA PUB 1850.00 SGTU 7718 9 616.07 P15M FA5578 19/01/2019 09/01/2019 11/02/2017 Books  
    Dewey Decimal Classification     AYURVEDA SGT FA-FP Library SGT FA-FP Library Text Book 27/03/2017 AHUJA PUB 1850.00 SGTU 7718 6 616.07 P15M FA5579 22/02/2019 06/02/2019 11/02/2017 Books  
    Dewey Decimal Classification     AYURVEDA SGT FA-FP Library SGT FA-FP Library Text Book 27/03/2017 AHUJA PUB 1850.00 SGTU 7718   616.07 P15M FA5580 27/03/2017   11/02/2017 Books